00565cam a2200193 a 4500001000800000005001700008008004100025020001700066040001800083082003000101100002100131245006300152260004200215300001300257500005800270650001000328650001300338650002000351399423720231130071821.0950608s1995 ii b 001 0 eng  a8170332699 : aDLCcDLCdDLC00a305.4/06/054558220bNEE.1 aAhlawat, Neerja.10aWomen organizations and social networks /cNeerja Ahlawat. aJaipur :bRawat Publications,cc1995. a168 p. ; aSpine title: Women's organizations & social networks. 0aWomen 0aFeminism 0aSocial networks